When you pray as a small group (Record no. 146284)
[ view plain ]
| 000 -LEADER | |
|---|---|
| fixed length control field | 01038nam a2200277 a 4500 |
| 100 1# - MAIN ENTRY--AUTHOR NAME | |
| Personal name | Job, Rueben P. |
| 245 10 - TITLE STATEMENT | |
| Title | When you pray as a small group |
| 260 ## - PUBLICATION, DISTRIBUTION, ETC. (IMPRINT) | |
| Place of publication | Nashville : |
| Name of publisher | Abingdon Press, |
| Year of publication | 2010. |
| 300 ## - PHYSICAL DESCRIPTION | |
| Number of Pages | 71 p. |
| 650 #0 - SUBJECT ADDED ENTRY--TOPICAL TERM | |
| Topical Term | Prayer groups. |
| 700 1# - ADDED ENTRY--PERSONAL NAME | |
| Personal name | Sharpe, Sally D., |
| 856 40 - ELECTRONIC LOCATION AND ACCESS | |
| Uniform Resource Identifier | http://site.ebrary.com/lib/rucke/Doc?id=10432031 |
No items available.
